000 00981nam a2200205 i 4500
001 163030
003 ES-MaACL
005 20250902063112.0
008 170817s1862 sp |||| | spa d
100 1 _aGarcía Barzanallana, José,
_d1819-1903
_954239
245 1 3 _aLa liga aduanera ibérica :
_bmemoria premiada por la Real Academia de Ciencias Morales y Políticas en el concurso público de 1861 /
_cescrita por Don José García Barzanallana.
260 _aMadrid :
_b[s.n.],
_c1862 (
_fImp. del Colegio de Sordo-Mudos y de Ciegos)
300 _a181 p. ;
_c24 cm.
530 _aDisponible en formato digital.
650 7 _aAduanas-
_zEspaña
_2
_9141614
710 2 _aReal Academia de Ciencias Morales y Políticas (España)
_9222050
852 4 _aES-MaACL
_jT-62-F-13
_z- Enc. hol., falto de cub. original
_z- Enc. en un vol. facticio
856 4 _uhttp://bdh-rd.bne.es/viewer.vm?id=0000266095&page=1
_zBiblioteca Digital Hispánica
999 _c163030
_d163030